000 00369nam a2200133Ia 4500
008 220217s9999||||xx |||||||||||||| ||und||
020 _a0-07-139-917-8
082 _a004.65 BIC
100 _aBICSI
_97558
245 0 _aNetworking technologies
260 _aMcgraw hill book company
_bNew Delhi
_c2002
300 _aXVIII,308p.
_b3274
650 _aCOMPUTER NETWORK
999 _c181166
_d181166